The right balance (Record no. 118206)

MARC details
000 -LEADER
fixed length control field 01516cam a2200253 4500
001 - CONTROL NUMBER
control field ABS68359
008 - FIXED-LENGTH DATA ELEMENTS--GENERAL INFORMATION
fixed length control field 041021n2004 000 0 eng u
035 ## - SYSTEM CONTROL NUMBER
System control number (Sirsi) u127786
100 ## - MAIN ENTRY--PERSONAL NAME
Personal name Rees, N.
245 #4 - TITLE STATEMENT
Title The right balance
260 ## - PUBLICATION, DISTRIBUTION, ETC.
Date of publication, distribution, etc. 2004
490 ## - SERIES STATEMENT
Series statement Estates Gazette
Volume/sequential designation (0441) 9 October 2004, 148-149(2)
520 ## - SUMMARY, ETC.
Summary, etc. Reviews the enfranchisement rights of tenants of live/work units but warns that the right can be lost if sufficient business use is required under a user clause. Describes the development of the live/work concept and its bearing on current tenants' rights to enfranchise. Tenants need to know what live/work means as it affects the way they can use their premises and indirectly impinges on their right to enfranchise. In "Bishopsgate Foundation v Curtis" (LCCC, 3 September 2004,Abs68451) the court decided that the wording live/work meant live and/or work at the time that the lease was granted and thus the tenant (C) qualified under the terms of the Leasehold Reform, Housing and Urban and Development Act 1993 to a new 90-year lease. In planning terms however, the meaning of live/work appears to have moved from live and/or work to live and work. Provides a checklist for enfranchisement.
590 ## - LOCAL NOTE (RLIN)
Local note ABS
590 ## - LOCAL NOTE (RLIN)
Local note ABS
650 ## - SUBJECT ADDED ENTRY--TOPICAL TERM
Topical term or geographic name entry element ENFRANCHISEMENT
650 ## - SUBJECT ADDED ENTRY--TOPICAL TERM
Topical term or geographic name entry element TENANTS
650 ## - SUBJECT ADDED ENTRY--TOPICAL TERM
Topical term or geographic name entry element BISHOPSGATE FOUNDATION V CURTIS
650 ## - SUBJECT ADDED ENTRY--TOPICAL TERM
Topical term or geographic name entry element USER CLAUSES
650 ## - SUBJECT ADDED ENTRY--TOPICAL TERM
Topical term or geographic name entry element BUSINESS USE
650 ## - SUBJECT ADDED ENTRY--TOPICAL TERM
Topical term or geographic name entry element LIVE/WORK UNITS
690 ## - LOCAL SUBJECT ADDED ENTRY--TOPICAL TERM (OCLC, RLIN)
Topical term or geographic name as entry element LANDLORD AND TENANT-LEASES
942 ## - ADDED ENTRY ELEMENTS (KOHA)
Suppress in OPAC 0
Holdings
Withdrawn status Lost status Source of classification or shelving scheme Damaged status Not for loan Home library Current library Shelving location Date acquired Total Checkouts Full call number Barcode Date last seen Copy number Price effective from Koha item type
    Dewey Decimal Classification     London London Journal article 21/10/2004   ABS68359 127786-1001 06/08/2019 1 06/08/2019 Journal article